Control Systems Engineering / (Record no. 31979)

000 -LEADER
fixed length control field 00543 a2200193 4500
003 - CONTROL NUMBER IDENTIFIER
control field OSt
005 - DATE AND TIME OF LATEST TRANSACTION
control field 20260206133746.0
008 - FIXED-LENGTH DATA ELEMENTS--GENERAL INFORMATION
fixed length control field 260206b ||||| |||| 00| 0 eng d
020 ## - INTERNATIONAL STANDARD BOOK NUMBER
International Standard Book Number 978-93-6074-846-3
040 ## - CATALOGING SOURCE
Transcribing agency .
082 ## - DEWEY DECIMAL CLASSIFICATION NUMBER
Classification number 629.8
Item number N152
100 ## - MAIN ENTRY--PERSONAL NAME
9 (RLIN) 2257
Personal name Nagrath, I. J.
245 ## - TITLE STATEMENT
Title Control Systems Engineering /
Statement of responsibility, etc. I. J. Nagrath and M. Gopal
260 ## - PUBLICATION, DISTRIBUTION, ETC.
Name of publisher, distributor, etc. New Age International Pvt Ltd Publishers,
Place of publication, distribution, etc. New Delhi :
Date of publication, distribution, etc. 2025.
300 ## - PHYSICAL DESCRIPTION
Extent 922 p.
650 #0 - SUBJECT ADDED ENTRY--TOPICAL TERM
9 (RLIN) 2259
Topical term or geographic name entry element Systems engineering
700 ## - ADDED ENTRY--PERSONAL NAME
9 (RLIN) 2260
Personal name Gopal, M.
942 ## - ADDED ENTRY ELEMENTS (KOHA)
Source of classification or shelving scheme
Koha item type Books
Holdings
Withdrawn status Lost status Source of classification or shelving scheme Damaged status Not for loan Collection code Permanent Location Current Location Shelving location Date acquired Source of acquisition Cost, normal purchase price Full call number Barcode Date last seen Cost, replacement price Price effective from Koha item type Total Checkouts Date due Date last checked out
          Non-fiction IMU Kolkata IMU Kolkata Reference 2026-02-23 2 583.27 629.8 N152 14639 2026-02-23 799.00 2026-02-23 Books      
          Non-fiction IMU Kolkata IMU Kolkata   2026-02-23 2 583.27 629.8 N152 14640 2026-02-23 799.00 2026-02-23 Books      
          Non-fiction IMU Kolkata IMU Kolkata   2026-02-23 2 583.27 629.8 N152 14641 2026-05-02 799.00 2026-02-23 Books 5 2026-05-17 2026-05-02
          Non-fiction IMU Kolkata IMU Kolkata   2026-02-23 2 583.27 629.8 N152 14642 2026-05-02 799.00 2026-02-23 Books 2 2026-05-17 2026-05-02
          Non-fiction IMU Kolkata IMU Kolkata   2026-02-23 2 583.27 629.8 N152 14643 2026-03-16 799.00 2026-02-23 Books 1   2026-02-28
          Non-fiction IMU Kolkata IMU Kolkata   2026-02-23 2 583.27 629.8 N152 14644 2026-02-23 799.00 2026-02-23 Books      
          Non-fiction IMU Kolkata IMU Kolkata   2026-02-23 2 583.27 629.8 N152 14645 2026-02-23 799.00 2026-02-23 Books      
          Non-fiction IMU Kolkata IMU Kolkata   2026-02-23 2 583.27 629.8 N152 14646 2026-02-23 799.00 2026-02-23 Books      
          Non-fiction IMU Kolkata IMU Kolkata   2026-02-23 2 583.27 629.8 N152 14647 2026-02-23 799.00 2026-02-23 Books      
          Non-fiction IMU Kolkata IMU Kolkata   2026-02-23 2 583.27 629.8 N152 14648 2026-02-23 799.00 2026-02-23 Books      
Designed and Maintained by IMU-KC Library, Kolkata Campus © Copyright All Rights Reserved

webs counters

Powered by Koha